-
BASU, S.K, SENGUPTA, S.N. AND AHUJA, B.B
Entry Personal Name
Number of records used in: 1
001 - CONTROL NUMBER
003 - CONTROL NUMBER IDENTIFIER
005 - DATE AND TIME OF LATEST TRANSACTION
- control field:
20170406111051.0
008 - FIXED-LENGTH DATA ELEMENTS
- fixed length control field:
170406|| aca||aabn | a|a d
040 ## - CATALOGING SOURCE
- Original cataloging agency:
OSt
- Transcribing agency:
OSt
100 ## - HEADING--PERSONAL NAME
- Personal name:
BASU, S.K, SENGUPTA, S.N. AND AHUJA, B.B
670 ## - SOURCE DATA FOUND
- Source citation:
Work cat.: (OSt): BASU, S.K, SENGUPTA, S.N. AND AHUJA, B.B, FUNDAMENTAL OF TRIBIOLOGY, 2005